000 00338nam a2200145 a 4500
008 001204s1965||||xx 0 und c
040 _aSNK
_bslo
_cSNK
_eAACR2
100 1 _aŠaling, Samo
245 1 0 _aSlovník cudzích slov
260 _aBratislava
_bSPN
_c1965
300 _a1139 s.
020 _c29
041 _aslo
044 _axo
_cSK
999 _c19182
_d19182